La lista /

Andrea tiene dos tareas que le ha dado la maestra, escribir una carta y comprar una lista de cosas. Ambas son para los soldados que están ocupando las islas Malvinas. La guerra se acerca, y cambiará para siempre su vida, la de su familia y la de toda la sociedad argentina. A través de un recorrido p...

Descripción completa

Guardado en:
Autor Principal: García Ontiveros, Verónica.
Otros Autores: Romero Marchesini, Nadia; il.
Formato: Libro
Idioma:Undetermined
Publicado: Boulogne : Estrada, 2023.
Edición:1a ed.
Series:Identidades bonaerenses
Azulejos. Roja ; 78
Materias:
Etiquetas: Agregar Etiqueta
Sin Etiquetas, Sea el primero en etiquetar este registro!
LEADER 02027nam a22003255a 4500
001 CEM.cems024829
008 250804s2023####ag############000#0#und#d
005 20250818075251.0
245 1 0 |a La lista /  |c Verónica García Ontiveros ; ilustraciones de Nadia Romero Marchesini. 
250 |a 1a ed. 
260 |a Boulogne :  |b Estrada,  |c 2023. 
300 |a 83 p. 
490 1 |a Identidades bonaerenses 
490 1 |a Azulejos. Roja ;  |v 78 
500 |a Edición especial de la Dirección de Cultura y Educación de la Provincia de Buenos Aires. 
500 |a Edad sugerida: partir de ciclo básico. 
520 |a Andrea tiene dos tareas que le ha dado la maestra, escribir una carta y comprar una lista de cosas. Ambas son para los soldados que están ocupando las islas Malvinas. La guerra se acerca, y cambiará para siempre su vida, la de su familia y la de toda la sociedad argentina. A través de un recorrido por las calles de la localidad bonaerense de Hurlingham, la narradora nos sumerge en los últimos meses de la dictadura militar en Argentina. Esta novela coral refleja lo vivido por la sociedad durante la guerra de Malvinas, desde el triunfalismo inicial, la decepción y la tristeza al conocer la realidad de lo ocurrido en las islas, hasta el recibimiento como héroes a los excombatientes y el injusto olvido en el que cayeron pasado un tiempo. 
020 |a 9789500131858 
100 1 |a García Ontiveros, Verónica. 
700 1 |a Romero Marchesini, Nadia; il. 
653 |a Literatura argentina 
653 |a Narrativa argentina 
653 |a Literatura infantil y juvenil 
653 |a Islas Malvinas 
653 |a Identidades bonaerenses 
859 |a CEMS  |b BIB. CEMS - Agricultura  |h A863.4  |i G216  |p A3952.25  |t Ej.1 
859 |a CEMS  |b BIB. CEMS - 11 de abril  |h A863.4  |i G216  |k CE  |p 30346.25  |t Ej.1 
859 |a CEMS  |b BIB. CEMS - 11 de abril  |h A863.4  |i G216  |p 30344.25  |t Ej.1 
859 |a CEMS  |b BIB. CEMS - 11 de abril  |h A863.4  |i G216  |p 30345.25  |t Ej.2 
859 |a CEMS  |b BIB. CEMS - 11 de abril  |h A863.4  |i G216  |p 30306.25  |t Ej.3